Pád cyperského raja - od cypersko-tureckého konfliktu až po cyperskú bankovú krízu

Cyprus pred a po turecko-cyperskom konflikte. Cyprus ako daňový raj a vstupná brána do strednej i východnej Európy pre investorov. Cyperská kríza 2013 a jej celoeurópske konzekvencie.

Uložené v:
Podrobná bibliografia
Hlavný autor: Danišová, Soňa, 1981-
Médium: Kapitola
Jazyk:Slovak
Predmet:
Tagy: Pridať tag
Žiadne tagy, Buďte prvý, kto otaguje tento záznam!

MARC

LEADER 00000nla a2200000 4500
001 0207235
005 20240502073437.0
041 0 |a slo 
044 |a SK 
245 1 0 |a Pád cyperského raja - od cypersko-tureckého konfliktu až po cyperskú bankovú krízu  |c Soňa Danišová 
520 |a Cyprus pred a po turecko-cyperskom konflikte. Cyprus ako daňový raj a vstupná brána do strednej i východnej Európy pre investorov. Cyperská kríza 2013 a jej celoeurópske konzekvencie. 
610 2 0 |a politika zahraničná 
610 2 0 |a politika medzinárodná 
610 2 0 |a vzťahy medzinárodné 
610 2 0 |a investície 
610 2 0 |a investori 
610 2 0 |a raje daňové 
610 2 0 |a konflikty 
610 2 0 |a kríza 
610 2 0 |a banky 
610 2 0 |a Cyprus 
610 2 0 |a Turecko 
100 1 |a Danišová, Soňa, 1981-